000 00795nam a2200289Ia 4500
005 20260324135820.0
008 008 260324s9999 xx 000 0 eng d
020 _a9780429451607
037 _aEBOOK
040 _aCRL
040 _beng
040 _cCRL
041 _2eng
041 _aeng
084 _qCRL
100 _aMaria Luiza Falcão Silva
_91202025
245 0 _aModern Exchange-rate Regimes, Stabilisation Programmes and Co-ordination of Macroeconomic Policies
245 0 _bRecent Experiences of Selected Developing Latin American Economies
260 _bTaylor and Francis
260 _c1999
365 _a
365 _b205
856 _uhttp://www.taylorfrancis.com/books/9780429451607
942 _cEBOOK
999 _c1803487
_d1803487